[Event "Bohemia South-chT 0405"]
[Site "Czech Republic"]
[Date "2005.??.??"]
[Round "?"]
[White "Stursa, Libor"]
[Black "Martisek, Karel"]
[Result "1-0"]
[WhiteElo "1890"]
[BlackElo "1795"]
[PlyCount "65"]
[EventDate "2004.10.??"]
[EventType "team-tourn"]
[EventRounds "11"]
[EventCountry "CZE"]
[SourceTitle "EXT 2007"]
[Source "ChessBase"]
[SourceDate "2006.11.23"]
[SourceVersion "1"]
[SourceVersionDate "2006.11.23"]
[SourceQuality "1"]

1. e4 c5 2. Nf3 d6 3. d4 cxd4 4. Nxd4 Nf6 5. Nc3 a6 6. Bg5 e6 7. Be2 Be7 8. 0-0 b5 9. Bf3 Nfd7 10. Bxe7 Qxe7 11. Nf5 exf5 12. exf5 Ra7 13. Nd5 Qd8 14. Qd4 0-0 15. Qxa7 Ne5 16. Qe7 Nxf3+ 17. gxf3 Bd7 18. f6 Re8 19. Qxd8 Rxd8 20. fxg7 Kxg7 21. Rad1 Nc6 22. f4 Bh3 23. Rfe1 Kh6 24. Re3 Bf5 25. c3 Na5 26. Ne7 Bg4 27. Rd4 Nc4 28. Rg3 Re8 29. Rxg4 Rxe7 30. b3 Na3 31. Rxd6+ Kh5 32. Rg5+ Kh4 33. Rh6# 1-0

[Event "Bohemia South-chT 0405"]
[Site "Czech Republic"]
[Date "2005.??.??"]
[Round "?"]
[White "Stursa, Libor"]
[Black "Sysel, Michal"]
[Result "0-1"]
[WhiteElo "1890"]
[BlackElo "1965"]
[PlyCount "50"]
[EventDate "2004.10.??"]
[EventType "team-tourn"]
[EventRounds "11"]
[EventCountry "CZE"]
[SourceTitle "EXT 2007"]
[Source "ChessBase"]
[SourceDate "2006.11.23"]
[SourceVersion "1"]
[SourceVersionDate "2006.11.23"]
[SourceQuality "1"]

1. d4 Nf6 2. Nc3 d5 3. Bg5 e6 4. Bxf6 Qxf6 5. e4 Qd8 6. e5 c5 7. Nf3 Nc6 8. Bb5 Bd7 9. Bxc6 Bxc6 10. 0-0 cxd4 11. Qxd4 Be7 12. Rad1 0-0 13. Qg4 Qb6 14. b3 Qb4 15. Qd4 Qxd4 16. Rxd4 Rfc8 17. Nd1 Bb5 18. c3 Bxf1 19. Kxf1 b5 20. a4 Rab8 21. Nd2 f6 22. f4 Bc5 23. Rd3 bxa4 24. b4 Be7 25. Nb1 a5 0-1